000
00286nam a2200121Ia 4500
008
241002s9999 xx 000 0 und d
082
_a
943.8056 ARN
100
_a
Arnold, Stanislaw
245
0
_a
Outline History of Poland
260
_a
London:
_c
1965
600
_a
History
942
_c
UC
999
_c
18574
_d
18574